000 00511nam a2200181 i 4500
001 93757
003 ES-MaACL
005 20230906181317.0
007 t|
008 050419s1963 sp ||||1| spa d
100 1 _aLópez Flores, Manuel.
_973643
245 1 0 _aFlorilegio
_b: (poesías) /
_cManuel López Flores.
260 _aMadrid :
_bClásica,
_c1963.
300 _a99 p. ;
_c24 cm.
500 _a"Con retrato del autor"
852 _aES-MaACL
_jC-24167
_bR.52800
852 _aES-MaACL
_jC-24616
_bR.53171
999 _c93757
_d93757